000 00498nam a22001457a 4500
008 140924b xxu||||| |||| 00| 0 eng d
020 _a9780797493315
050 _aBT613.N338 2014
100 _aNcube, Raphael Mabuza fr.
_911586
245 _aMaria Amai Nechitarisiro CheAfrika
_bhurudziro yokuzvipira kuna Maria muAfrika
_cFr. Raphael Mabuza Ncube
260 _aPlumtree
_bIlizwe Publications
_c2014
300 _a189p. ;
_c23cm.
600 _aMary, Blessed Virgin
_95814
942 _2lcc
_cMONOGRAPH
999 _c120937
_d120937